[Event "Sardegna Regional-ch"]
[Site "Cagliari"]
[Date "2015.06.02"]
[Round "5"]
[White "Deruda, Leonardo"]
[Black "Di Pinto, Vincenzo"]
[Result "1-0"]
[WhiteElo "1791"]
[BlackElo "1647"]
[PlyCount "43"]
[EventDate "2015.05.30"]
[EventType "swiss"]
[EventRounds "6"]
[EventCountry "ITA"]
[SourceTitle "EXT 2017"]
[Source "ChessBase"]
[SourceDate "2016.10.25"]
[SourceVersion "1"]
[SourceVersionDate "2016.10.25"]
[SourceQuality "1"]

1. g3 e5 2. Bg2 d5 3. d4 e4 4. c4 c6 5. cxd5 cxd5 6. Nh3 Nf6 7. 0-0 Be7 8. Bg5 0-0 9. Nf4 Qd6 10. Nc3 Be6 11. Rc1 a6 12. f3 exf3 13. Bxf3 Nbd7 14. Qb3 h6 15. Bxf6 Nxf6 16. Ncxd5 Nxd5 17. Bxd5 Bxd5 18. Qxd5 Qb6 19. e3 Qxb2 20. Ng6 Rfe8 21. Qxf7+ Kh7 22. Nxe7 1-0

[Event "Sardegna Region-ch"]
[Site "Sardara"]
[Date "2011.05.28"]
[Round "5"]
[White "Di Pinto, Vincenzo"]
[Black "Deruda, Leonardo"]
[Result "0-1"]
[WhiteElo "1622"]
[BlackElo "1930"]
[PlyCount "43"]
[EventDate "2011.05.23"]
[EventType "swiss"]
[EventRounds "8"]
[EventCountry "ITA"]
[SourceTitle "EXT 2023"]
[Source "ChessBase"]
[SourceDate "2022.10.05"]
[SourceVersion "1"]
[SourceVersionDate "2022.10.05"]
[SourceQuality "1"]

1. d4 Nf6 2. Nf3 g6 3. Bg5 Bg7 4. c4 h6 5. Bh4 d6 6. Nc3 Nbd7 7. Qc2 0-0 8. e3 c6 9. Bd3 e5 10. Ne4 Qa5+ 11. Nfd2 exd4 12. exd4 Nxe4 13. Bxe4 f5 14. Bd3 Re8+ 15. Kf1 Nf6 16. Bg3 Qd8 17. c5 dxc5 18. Qxc5 Nh5 19. Nb3 Be6 20. f3 Bxb3 21. axb3 Qxd4 22. Qc2 0-1

[Event "Cagliari Alfa Lum op"]
[Site "Cagliari"]
[Date "2009.08.28"]
[Round "1"]
[White "Sorcinelli, Andrea"]
[Black "Di Pinto, Vincenzo"]
[Result "1-0"]
[WhiteElo "1833"]
[BlackElo "1571"]
[PlyCount "68"]
[EventDate "2009.08.28"]
[EventType "swiss"]
[EventRounds "6"]
[EventCountry "ITA"]
[SourceTitle "EXT 2012"]
[Source "ChessBase"]
[SourceDate "2011.11.24"]
[SourceVersion "1"]
[SourceVersionDate "2011.11.24"]
[SourceQuality "1"]

1. e4 e5 2. Bc4 Bc5 3. Qg4 Qe7 4. Qxg7 Qf6 5. Qxf6 Nxf6 6. d3 Ng4 7. Nh3 Nc6 8. Nc3 Na5 9. Bb3 Nxb3 10. axb3 d6 11. Na4 Bd4 12. c3 Bb6 13. Nxb6 cxb6 14. 0-0 f5 15. exf5 Bxf5 16. d4 Bd3 17. Re1 Kd7 18. dxe5 Nxe5 19. Bf4 Nf7 20. Ng5 Nxg5 21. Bxg5 Bc2 22. b4 Kc6 23. Re7 Rhg8 24. h4 d5 25. Rae1 Bf5 26. R1e5 Raf8 27. f3 Kd6 28. g4 Bc8 29. Kg2 h5 30. Kg3 hxg4 31. fxg4 Rf1 32. Re1 Rgf8 33. R7e3 R1f2 34. R1e2 Rf1 1-0